000 00317 a2200157 4500
001 176429
020 _a
040 _cMagnum
100 _aSalgari, Emilio
240 1 0 _aO corsario negro
_lpor
245 1 0 _aO corsario negro
362 0 _a1899
440 1 _aGlobo
697 _aMAGNITO: IJ/FICCAO
942 _cBK
999 _c176429
_d176429